|
|
|
|
| LEADER |
00000nab a2200000 a 4500 |
| 001 |
vtls000793259 |
| 003 |
SK-MaSNL |
| 005 |
20260304123623.0 |
| 008 |
250429c2001 xo 0 slo |
| 015 |
|
|
|a SNBRB2002/06-18416
|
| 035 |
|
|
|a CLN000144914
|
| 035 |
|
|
|a urn:nbn:sk:snk-abaglh
|
| 035 |
|
|
|a (urnnbn)urn:nbn:sk:snk:ar-007bne
|
| 035 |
|
|
|a (uuid)70a0f9d8-9c63-47cd-8ab9-6d3574c45138
|
| 040 |
|
|
|a SNKBUCL
|b slo
|c SNKBUCL
|e AACR2
|
| 041 |
0 |
|
|a cze
|
| 044 |
|
|
|a xo
|c SK
|
| 080 |
|
|
|a 618.11-006-089.87:618.14-089.85
|2 1997
|
| 080 |
|
|
|a 618.14-089.85
|2 1997
|
| 100 |
1 |
|
|a Dušková, M.
|4 aut
|9 800087
|
| 245 |
1 |
0 |
|a Případ č. 1 CN 2188, H 16 969/00
|c Dušková
|
| 246 |
1 |
3 |
|a Světlobuněčný adenokarcinom ovária
|
| 300 |
|
|
|b Obr.
|
| 504 |
|
|
|a Bibliogr. odkazy
|
| 610 |
1 |
7 |
|a Patologickoanatomický ústav (Olomouc, Česko)
|x semináre
|y 2001
|2 SNK
|9 1427702
|
| 650 |
0 |
7 |
|a adenokarcinóm
|2 SNKPH
|9 18642
|
| 650 |
0 |
7 |
|a ovariektómia
|2 SNKPH
|9 18469
|
| 650 |
0 |
7 |
|a hysterektómia
|2 SNKPH
|9 18816
|
| 650 |
0 |
7 |
|a mastektómia
|2 SNKPH
|9 20230
|
| 650 |
0 |
7 |
|a chirurgia
|2 SNKPH
|9 2178
|
| 650 |
0 |
7 |
|a diferenciálna diagnostika
|2 SNKPH
|9 69886
|
| 650 |
0 |
7 |
|a lekárska kazuistika
|2 SNKPH
|9 69399
|
| 650 |
0 |
7 |
|a kongresy
|2 SNKPH
|9 19200
|
| 650 |
0 |
7 |
|a patológia
|2 SNKPH
|9 900
|
| 655 |
|
7 |
|a články z novín a časopisov
|2 SNK
|9 267496
|
| 773 |
0 |
|
|t Bioptická a cytologická revue
|g Roč. 3, č. 1 (2001), s. 27-28
|x 1335-7948
|
| 850 |
|
|
|a Slovenská národná knižnica
|
| 852 |
|
|
|a Slovenská národná knižnica
|
| 954 |
|
|
|a odborná, vedecká literatúra cudzojazyčná (svetová)
|2 lita
|
| 958 |
|
|
|a article14
|
| 958 |
|
|
|a NB
|
| 958 |
|
|
|a MI
|
| 958 |
|
|
|a OND
|
| 958 |
|
|
|a EUIPO
|
| 999 |
|
|
|c 2889751
|d 2891681
|